[Event "Rasht Father Cup Rapid 2nd"]
[Site "Rasht"]
[Date "2023.12.08"]
[Round "7"]
[White "Daghli, Arash"]
[Black "Tahbaz, Arash"]
[Result "0-1"]
[WhiteElo "2410"]
[BlackElo "2423"]
[PlyCount "92"]
[EventDate "2023.12.08"]
[EventType "swiss (rapid)"]
[EventRounds "11"]
[EventCountry "IRI"]
[SourceTitle "CB50_2023"]
[SourceDate "2023.12.13"]
[SourceVersion "1"]
[SourceVersionDate "2023.12.13"]
[SourceQuality "1"]

1. e4 d5 2. exd5 Qxd5 3. Nc3 Qa5 4. d4 Nf6 5. Nf3 c6 6. Bc4 Bf5 7. Bd2 Nbd7 8. Qe2 Qc7 9. 0-0-0 e6 10. Nh4 Bg6 11. Kb1 b5 12. Bb3 Nb6 13. Nxg6 hxg6 14. h4 a5 15. a4 Bb4 16. axb5 a4 17. Nxa4 Rxa4 18. Bxa4 Bxd2 19. Bb3 Bh6 20. g4 Bf4 21. g5 Nh5 22. bxc6 0-0 23. Qe4 Nc8 24. d5 Nd6 25. Qa4 e5 26. Rh3 e4 27. Rc3 Rb8 28. Rc5 e3 29. fxe3 Bxe3 30. Ra5 Bb6 31. Ra8 Ng3 32. Re1 Kh7 33. Rxb8 Qxb8 34. Qf4 Ngf5 35. Rh1 Kg8 36. h5 gxh5 37. Rxh5 g6 38. Rh1 Bd4 39. Re1 Kg7 40. Ka2 Qa7+ 41. Kb1 Qb6 42. Qd2 Nc4 43. Qd3 Nxb2 44. Qe4 Nc4 45. d6 Nd2+ 46. Kc1 Nxe4 0-1

[Event "Rasht Father Cup Blitz 2nd"]
[Site "Rasht"]
[Date "2023.12.07"]
[Round "11"]
[White "Daghli, Arash"]
[Black "Omidi, Arya"]
[Result "1-0"]
[WhiteElo "2410"]
[BlackElo "2301"]
[PlyCount "89"]
[EventDate "2023.12.07"]
[EventType "swiss (blitz)"]
[EventRounds "13"]
[EventCountry "IRI"]
[SourceTitle "CB50_2023"]
[SourceDate "2023.12.13"]
[SourceVersion "1"]
[SourceVersionDate "2023.12.13"]
[SourceQuality "1"]

1. c4 c6 2. Nf3 d5 3. d4 Nf6 4. Qc2 e6 5. g3 Nbd7 6. Bg2 Ne4 7. 0-0 f5 8. b3 Bd6 9. Ba3 Bxa3 10. Nxa3 Qe7 11. Qb2 a6 12. Nc2 0-0 13. Nce1 b5 14. cxd5 cxd5 15. Nd3 Bb7 16. Rfc1 Rfc8 17. a4 b4 18. a5 Bc6 19. Nfe5 Nxe5 20. Nxe5 Bb5 21. Bxe4 fxe4 22. Qd2 Rc3 23. Rxc3 bxc3 24. Qxc3 Bxe2 25. Re1 Bb5 26. f3 exf3 27. Nxf3 Rf8 28. Kg2 Qf6 29. Qe3 Kh8 30. Qf4 Qd8 31. Qe5 Qxa5 32. Qxe6 Bd3 33. Kh3 Qd8 34. Qe7 Bf5+ 35. g4 Qc8 36. Ne5 Be4 37. Re3 h6 38. Rxe4 dxe4 39. Qxf8+ Qxf8 40. Ng6+ Kg8 41. Nxf8 Kxf8 42. Kg3 g5 43. Kf2 Ke7 44. Ke3 Ke6 45. Kxe4 1-0

[Event "Rasht Father Cup Blitz 2nd"]
[Site "Rasht"]
[Date "2023.12.07"]
[Round "13"]
[White "Daghli, Arash"]
[Black "Tahbaz, Arash"]
[Result "0-1"]
[WhiteElo "2410"]
[BlackElo "2423"]
[PlyCount "52"]
[EventDate "2023.12.07"]
[EventType "swiss (blitz)"]
[EventRounds "13"]
[EventCountry "IRI"]
[SourceTitle "CB50_2023"]
[SourceDate "2023.12.13"]
[SourceVersion "1"]
[SourceVersionDate "2023.12.13"]
[SourceQuality "1"]

1. c4 e6 2. Nf3 Nf6 3. Nc3 d5 4. e3 Be7 5. b3 0-0 6. Bb2 c5 7. cxd5 exd5 8. d4 cxd4 9. Nxd4 Nc6 10. Bb5 Ne5 11. 0-0 Bd6 12. h3 a6 13. Be2 Re8 14. Nf3 Nc6 15. Bd3 Qe7 16. Ne2 Ne4 17. Nf4 Be6 18. Rc1 Rad8 19. Nd4 Nxd4 20. Bxd4 Rc8 21. Qh5 Bxf4 22. exf4 f6 23. Rxc8 Rxc8 24. Re1 Qb4 25. Rxe4 dxe4 26. Bxe4 Qe1+ 0-1

[Event "Istanbul op"]
[Site "Istanbul"]
[Date "2023.08.29"]
[Round "5"]
[White "Daghli, Arash"]
[Black "Eren, Ataberk"]
[Result "1/2-1/2"]
[WhiteElo "2428"]
[BlackElo "2330"]
[PlyCount "101"]
[EventDate "2023.08.26"]
[EventType "swiss"]
[EventRounds "9"]
[EventCountry "TUR"]
[SourceTitle "EXT 2024"]
[Source "ChessBase"]
[SourceDate "2023.10.10"]
[SourceVersion "1"]
[SourceVersionDate "2023.10.10"]
[SourceQuality "1"]

1. e4 c6 2. d4 d5 3. e5 Bf5 4. Nf3 e6 5. Be2 c5 6. c3 Nc6 7. 0-0 Bg4 8. Nbd2 cxd4 9. Nxd4 Bxe2 10. Qxe2 Nxd4 11. cxd4 Ne7 12. Nf3 Nc6 13. h4 Be7 14. h5 h6 15. Bd2 Qb6 16. Bc3 Rc8 17. Qe3 Qa6 18. Nh2 b5 19. a3 Qb6 20. f4 a5 21. Rad1 b4 22. axb4 axb4 23. Be1 Na5 24. Qg3 0-0 25. Ng4 Kh8 26. Kh1 Qb5 27. Bd2 f5 28. exf6 Bxf6 29. f5 exf5 30. Rxf5 Bxd4 31. Qf4 Rxf5 32. Qxf5 Re8 33. Bxh6 Qe2 34. Rf1 Qe4 35. Bd2 Qxf5 36. Rxf5 Re4 37. Nh2 Nb3 38. Bxb4 Bxb2 39. Bd6 Nd4 40. Re5 Nc2 41. Rxe4 dxe4 42. Kg1 Bd4+ 43. Kf1 Ne3+ 44. Ke2 Nxg2 45. Bg3 Ne3 46. Bf2 Nf5 47. Bxd4 Nxd4+ 48. Ke3 Nf5+ 49. Kxe4 Ng3+ 50. Kf4 Nxh5+ 51. Kg5 1/2-1/2

[Event "Abu Dhabi op 29th"]
[Site "Abu Dhabi"]
[Date "2023.08.24"]
[Round "9"]
[White "Daghli, Arash"]
[Black "Jain, Kashish Manoj"]
[Result "1/2-1/2"]
[WhiteElo "2428"]
[BlackElo "2350"]
[PlyCount "79"]
[EventDate "2023.08.16"]
[EventType "swiss"]
[EventRounds "9"]
[EventCountry "UAE"]
[SourceTitle "EXT 2024"]
[Source "ChessBase"]
[SourceDate "2023.10.10"]
[SourceVersion "1"]
[SourceVersionDate "2023.10.10"]
[SourceQuality "1"]

1. e4 c5 2. Nf3 d6 3. d4 cxd4 4. Nxd4 Nf6 5. Nc3 Nc6 6. Bg5 e6 7. Qd2 a6 8. 0-0-0 Bd7 9. Kb1 Be7 10. Nxc6 Bxc6 11. f3 Qc7 12. h4 h6 13. Be3 h5 14. Bg5 d5 15. e5 Nd7 16. Bxe7 Kxe7 17. f4 g6 18. Bd3 Nc5 19. Ne2 Qb6 20. a3 a5 21. Qe3 Rac8 22. Qd4 Bb5 23. Nc3 Bxd3 24. cxd3 Rc6 25. Rhf1 Nb3 26. Qxb6 Rxb6 27. d4 Rc8 28. Na4 Rb5 29. Nc3 Rb6 30. Na4 Rb5 31. Nc3 Rxc3 32. bxc3 Nd2+ 33. Kc2 Nxf1 34. Rxf1 a4 35. Rb1 Rxb1 36. Kxb1 Kd7 37. Kc2 Kc6 38. Kd2 Kb6 39. Kc2 Kc6 40. Kd2 1/2-1/2

[Event "Abu Dhabi op 29th"]
[Site "Abu Dhabi"]
[Date "2023.08.23"]
[Round "8"]
[White "Nazari, Arad"]
[Black "Daghli, Arash"]
[Result "0-1"]
[WhiteElo "2358"]
[BlackElo "2428"]
[PlyCount "76"]
[EventDate "2023.08.16"]
[EventType "swiss"]
[EventRounds "9"]
[EventCountry "UAE"]
[SourceTitle "EXT 2024"]
[Source "ChessBase"]
[SourceDate "2023.10.10"]
[SourceVersion "1"]
[SourceVersionDate "2023.10.10"]
[SourceQuality "1"]

1. e4 c5 2. Nf3 e6 3. d4 cxd4 4. Nxd4 Nc6 5. Nc3 Qc7 6. Be3 a6 7. Qf3 b5 8. Nxc6 Qxc6 9. Bd3 h5 10. 0-0-0 Bb7 11. Rhe1 Nf6 12. Bd4 Be7 13. Qg3 b4 14. Ne2 Kf8 15. e5 Ne4 16. Bxe4 Qxe4 17. f3 Qc6 18. Qf2 h4 19. h3 Rc8 20. Rd2 a5 21. Kb1 a4 22. Rc1 Rh5 23. c3 b3 24. a3 Qc4 25. Rcd1 Rf5 26. Nc1 Be4+ 27. Nd3 Bd5 28. Qe2 Kg8 29. Nb4 Bg5 30. Nxd5 exd5 31. Qxc4 dxc4 32. Re2 Re8 33. Re4 Re6 34. Rde1 Bf4 35. Bf2 g5 36. Rxc4 Rfxe5 37. Rd1 Re2 38. Bd4 Re1 0-1

[Event "Abu Dhabi op 29th"]
[Site "Abu Dhabi"]
[Date "2023.08.22"]
[Round "7"]
[White "Daghli, Arash"]
[Black "Manish, Anto Cristiano F"]
[Result "1-0"]
[WhiteElo "2428"]
[BlackElo "2385"]
[PlyCount "97"]
[EventDate "2023.08.16"]
[EventType "swiss"]
[EventRounds "9"]
[EventCountry "UAE"]
[SourceTitle "EXT 2024"]
[Source "ChessBase"]
[SourceDate "2023.10.10"]
[SourceVersion "1"]
[SourceVersionDate "2023.10.10"]
[SourceQuality "1"]

1. e4 c5 2. Nf3 d6 3. d4 cxd4 4. Nxd4 Nf6 5. Nc3 a6 6. h3 b5 7. a4 b4 8. Nd5 e6 9. Nxf6+ Qxf6 10. Bd3 Bb7 11. 0-0 Nd7 12. Nb3 Qd8 13. Re1 Be7 14. Bd2 d5 15. e5 a5 16. c3 bxc3 17. Bxc3 Nc5 18. Bb5+ Kf8 19. Bd4 Nxb3 20. Qxb3 g6 21. Qe3 Kg7 22. Rec1 Qb8 23. Rc2 Rc8 24. Rac1 Rxc2 25. Rxc2 Ba6 26. Bc6 Bb7 27. Bb5 Ba6 28. Rc6 Bb7 29. Rc3 Bb4 30. Rc2 Ba6 31. Qd3 Qb7 32. f4 Bxb5 33. axb5 a4 34. b6 Rc8 35. Kh2 Rc6 36. Rxc6 Qxc6 37. Be3 Qd7 38. Qa6 Qc6 39. Qa7 d4 40. Bxd4 Bd2 41. b7 Bxf4+ 42. Kh1 a3 43. bxa3 Qc1+ 44. Bg1 Bxe5 45. b8Q Bxb8 46. Qxb8 Qxa3 47. Bd4+ Kh6 48. Qf4+ Kh5 49. Qg4+ 1-0

[Event "Abu Dhabi op 29th"]
[Site "Abu Dhabi"]
[Date "2023.08.21"]
[Round "6"]
[White "Atakishiyev, Elmar"]
[Black "Daghli, Arash"]
[Result "1-0"]
[WhiteElo "2351"]
[BlackElo "2428"]
[PlyCount "101"]
[EventDate "2023.08.16"]
[EventType "swiss"]
[EventRounds "9"]
[EventCountry "UAE"]
[SourceTitle "EXT 2024"]
[Source "ChessBase"]
[SourceDate "2023.10.10"]
[SourceVersion "1"]
[SourceVersionDate "2023.10.10"]
[SourceQuality "1"]

1. Nf3 Nf6 2. g3 g6 3. Bg2 Bg7 4. 0-0 0-0 5. d4 d6 6. Re1 Nbd7 7. e4 e5 8. Nc3 b6 9. a4 a5 10. dxe5 dxe5 11. b3 Re8 12. Ba3 Bb7 13. Qe2 Bf8 14. Bxf8 Kxf8 15. Rad1 Qe7 16. Nd5 Bxd5 17. exd5 Rad8 18. Qd2 Qd6 19. Qh6+ Kg8 20. h3 Qc5 21. c4 Qd6 22. Re3 Qf8 23. Qxf8+ Kxf8 24. Rde1 e4 25. Nd2 Nc5 26. Bxe4 c6 27. Bf3 Rxe3 28. Rxe3 cxd5 29. cxd5 Nxd5 30. Bxd5 Rxd5 31. Nc4 Rd1+ 32. Kg2 Rb1 33. Nxb6 Nxb3 34. Re5 f6 35. Nd7+ Kf7 36. Rb5 Nd2 37. Rxa5 Ke7 38. Ra7 f5 39. a5 Kd6 40. Nf6 Ke5 41. Nxh7 Ne4 42. Nf8 g5 43. Ng6+ Kf6 44. Ra6+ Kg7 45. Ne7 Rb5 46. g4 fxg4 47. hxg4 Rb2 48. Nf5+ Kh7 49. Kf3 Nxf2 50. Rh6+ Kg8 51. Rh2 1-0

[Event "Abu Dhabi op 29th"]
[Site "Abu Dhabi"]
[Date "2023.08.18"]
[Round "3"]
[White "Padmini, Rout"]
[Black "Daghli, Arash"]
[Result "0-1"]
[WhiteElo "2351"]
[BlackElo "2428"]
[PlyCount "122"]
[EventDate "2023.08.16"]
[EventType "swiss"]
[EventRounds "9"]
[EventCountry "UAE"]
[SourceTitle "EXT 2024"]
[Source "ChessBase"]
[SourceDate "2023.10.10"]
[SourceVersion "1"]
[SourceVersionDate "2023.10.10"]
[SourceQuality "1"]

1. d4 Nf6 2. Nf3 g6 3. Nc3 d5 4. Bf4 Bg7 5. Nb5 Na6 6. e3 c6 7. Nc3 Nb8 8. h3 0-0 9. Bd3 c5 10. 0-0 cxd4 11. exd4 Nc6 12. Qd2 Bf5 13. Bxf5 gxf5 14. Bh6 e6 15. Qg5 Ne8 16. Qxd8 Rxd8 17. Bxg7 Kxg7 18. a4 Nd6 19. Ne2 Rb8 20. Ne1 b5 21. axb5 Rxb5 22. Nd3 a5 23. f3 Rc8 24. Ra2 Rb6 25. Kf2 Kf6 26. b3 Nb5 27. c3 Nd6 28. Nc5 Ke7 29. Nc1 Nb7 30. Na4 Rb5 31. Ke3 f6 32. g4 e5 33. dxe5 fxe5 34. gxf5 Nd6 35. Rg2 Nxf5+ 36. Kd2 Kf6 37. Rfg1 Nce7 38. Rg4 Ng6 39. Nb2 Nf4 40. Rg8 Nxh3 41. Rxc8 Nxg1 42. Rc6+ Kg5 43. c4 Nxf3+ 44. Kc3 d4+ 45. Kd3 Rb8 46. Ra6 Kf4 47. Ne2+ Kg4 48. Nc1 Ng3 49. Rxa5 e4+ 50. Kc2 h5 51. Ra7 h4 52. Nd1 d3+ 53. Kb2 Ne5 54. Kc3 Ne2+ 55. Nxe2 dxe2 56. Ne3+ Kf3 57. Nc2 Kf2 58. Re7 Nf3 59. Rxe4 h3 60. Re7 Rh8 61. Kd3 e1Q 0-1

[Event "IRI-ch 56th"]
[Site "Kerman"]
[Date "2023.05.14"]
[Round "5"]
[White "Gholami Orimi, Mahdi"]
[Black "Daghli, Arash"]
[Result "1/2-1/2"]
[WhiteElo "2420"]
[BlackElo "2438"]
[PlyCount "58"]
[EventDate "2023.05.11"]
[EventType "tourn"]
[EventRounds "13"]
[EventCountry "IRI"]
[EventCategory "5"]
[SourceTitle "CBM 214 Extra"]
[Source "ChessBase"]
[SourceDate "2023.07.31"]
[SourceVersion "1"]
[SourceVersionDate "2023.07.31"]
[SourceQuality "1"]

1. c4 f5 2. Nf3 Nf6 3. g3 e6 4. Bg2 Be7 5. 0-0 d5 6. d4 Ne4 7. b3 Nc6 8. e3 h5 9. Bb2 h4 10. Nbd2 hxg3 11. hxg3 Bd6 12. Ne5 Qg5 13. Qe2 Qh6 14. Rfc1 Nxe5 15. dxe5 Bb4 16. Nf1 c6 17. f3 Ng5 18. a3 Be7 19. c5 Nh3+ 20. Bxh3 Qxh3 21. Qh2 Qxh2+ 22. Nxh2 g5 23. Bd4 Kf7 24. Nf1 Bd7 25. Kg2 b5 26. Nd2 a5 27. Rh1 Kg6 28. Rxh8 Rxh8 29. b4 a4 1/2-1/2

[Event "IRI-ch 56th"]
[Site "Kerman"]
[Date "2023.05.13"]
[Round "4"]
[White "Daghli, Arash"]
[Black "Omidi, Arya"]
[Result "1-0"]
[WhiteElo "2438"]
[BlackElo "2350"]
[PlyCount "135"]
[EventDate "2023.05.11"]
[EventType "tourn"]
[EventRounds "13"]
[EventCountry "IRI"]
[EventCategory "5"]
[SourceTitle "CBM 214 Extra"]
[Source "ChessBase"]
[SourceDate "2023.07.31"]
[SourceVersion "1"]
[SourceVersionDate "2023.07.31"]
[SourceQuality "1"]

1. Nf3 d5 2. c4 d4 3. g3 c5 4. d3 Nc6 5. Bg2 e5 6. 0-0 Nf6 7. e3 Be7 8. exd4 cxd4 9. Bg5 0-0 10. Re1 Nd7 11. Bxe7 Qxe7 12. Na3 Qd6 13. Qe2 a6 14. Nc2 Re8 15. Ng5 h6 16. Ne4 Qf8 17. Rab1 f5 18. Nd2 Nf6 19. b4 Bd7 20. a4 Rad8 21. b5 Na5 22. f3 axb5 23. axb5 b6 24. Qf1 Qd6 25. Qf2 Bc8 26. f4 Ng4 27. Bd5+ Qxd5 28. cxd5 Nxf2 29. Kxf2 e4 30. dxe4 fxe4 31. Nxd4 Rxd5 32. Nxe4 Rf8 33. Nc6 Nxc6 34. bxc6 g5 35. Rxb6 gxf4 36. gxf4 Rdf5 37. Rg1+ Kh8 38. c7 Rxf4+ 39. Ke3 Kh7 40. Rb8 Rf3+ 41. Kd4 R3f7 42. Rc1 Rd7+ 43. Ke3 Re7 44. Rc4 Kg7 45. Kd2 Re6 46. Kc3 Kf7 47. Nc5 Rf6 48. Na4 Rf2 49. h4 Rg8 50. Nb6 Rg3+ 51. Kb4 Be6 52. c8Q Bxc8 53. Rbxc8 Rb2+ 54. Kc5 Rbg2 55. Nd5 Rg4 56. Rc7+ Kf8 57. Nf4 Rg1 58. Kd6 Kg8 59. Rc8+ Kh7 60. R4c7+ Rg7 61. Rxg7+ Kxg7 62. Nh5+ Kf7 63. Rc7+ Kf8 64. Ke6 Re1+ 65. Kf6 Rf1+ 66. Kg6 Rg1+ 67. Kf5 Rh1 68. Nf4 1-0

[Event "Antwerp World Uni blitz op"]
[Site "Antwerp"]
[Date "2022.09.14"]
[Round "4"]
[White "Eugene, Floryan"]
[Black "Daghli, Arash"]
[Result "0-1"]
[WhiteElo "2397"]
[BlackElo "2225"]
[PlyCount "50"]
[EventDate "2022.09.14"]
[EventType "swiss (blitz)"]
[EventRounds "9"]
[EventCountry "BEL"]
[SourceTitle "CBM 210 Extra"]
[Source "ChessBase"]
[SourceDate "2022.11.30"]
[SourceVersion "1"]
[SourceVersionDate "2022.11.30"]
[SourceQuality "1"]

1. e4 c5 2. Nf3 Nc6 3. Bc4 e6 4. 0-0 Nf6 5. Re1 Nxe4 6. Rxe4 d5 7. Bxd5 Qxd5 8. Nc3 Qd7 9. d4 cxd4 10. Nxd4 b6 11. Bf4 Bb7 12. Ndb5 0-0-0 13. Qxd7+ Rxd7 14. Rc4 Kd8 15. Ne4 e5 16. Be3 f5 17. Ng5 f4 18. Nxa7 fxe3 19. Nxc6+ Bxc6 20. Rxc6 e2 21. Re1 Rd1 22. Nf3 e4 23. Rc3 exf3 24. Rd3+ Rxd3 25. cxd3 Bb4 0-1

[Event "Antwerp World Uni op"]
[Site "Antwerp"]
[Date "2022.09.12"]
[Round "1"]
[White "Daghli, Arash"]
[Black "De Block, Yordi"]
[Result "1-0"]
[WhiteElo "2446"]
[BlackElo "2100"]
[PlyCount "59"]
[EventDate "2022.09.12"]
[EventType "swiss"]
[EventRounds "9"]
[EventCountry "BEL"]
[SourceTitle "EXT 2023"]
[Source "ChessBase"]
[SourceDate "2022.10.05"]
[SourceVersion "1"]
[SourceVersionDate "2022.10.05"]
[SourceQuality "1"]

1. e4 c6 2. Nc3 d5 3. d4 dxe4 4. Nxe4 Nf6 5. Nxf6+ gxf6 6. Nf3 Bg4 7. Be2 Nd7 8. 0-0 e6 9. c4 Nb6 10. Qd3 Qc7 11. Be3 Bg7 12. a4 Rd8 13. a5 Nd7 14. Qa3 Bf8 15. Qc3 Bd6 16. h3 Bh5 17. Rfd1 Rg8 18. Kf1 f5 19. d5 cxd5 20. cxd5 Qxc3 21. bxc3 Bb8 22. Rab1 f4 23. dxe6 fxe6 24. Bxa7 Bxa7 25. Rxb7 Bc5 26. Bb5 Bxf3 27. gxf3 Rg7 28. Rc7 Bf8 29. a6 Kf7 30. Rdxd7+ 1-0

[Event "Rasht"]
[Site "Rasht"]
[Date "2022.07.20"]
[Round "5"]
[White "Rastbod, Ali"]
[Black "Daghli, Arash"]
[Result "1/2-1/2"]
[WhiteElo "2393"]
[BlackElo "2433"]
[PlyCount "74"]
[EventDate "2022.07.17"]
[EventType "tourn"]
[EventRounds "9"]
[EventCountry "IRI"]
[EventCategory "5"]
[SourceTitle "CBM 209 Extra"]
[Source "ChessBase"]
[SourceDate "2022.09.30"]
[SourceVersion "1"]
[SourceVersionDate "2022.09.30"]
[SourceQuality "1"]

1. d4 Nf6 2. Nf3 d5 3. Bf4 c5 4. e3 Nc6 5. Nbd2 Bg4 6. h3 Bxf3 7. Nxf3 e6 8. c3 a6 9. Bd3 Bd6 10. dxc5 Bxc5 11. 0-0 0-0 12. Qe2 Bd6 13. Bxd6 Qxd6 14. e4 dxe4 15. Bxe4 Nxe4 16. Qxe4 Qc5 17. Rfd1 Rad8 18. g3 h6 19. Kg2 Rd6 20. b4 Qxc3 21. Rac1 Qa3 22. Rxd6 Qxc1 23. Rd7 Rb8 24. a4 Qb2 25. Qf4 Qf6 26. Qc7 Rd8 27. Rxd8+ Nxd8 28. Ne5 Kh7 29. b5 axb5 30. axb5 Qf5 31. Nd7 Qd5+ 32. Kg1 Qd1+ 33. Kg2 Qd5+ 34. Kh2 Qd2 35. Qxd8 Qxf2+ 36. Kh1 Qf1+ 37. Kh2 Qf2+ 1/2-1/2

[Event "Rasht"]
[Site "Rasht"]
[Date "2022.07.19"]
[Round "4"]
[White "Daghli, Arash"]
[Black "Babujian, Levon"]
[Result "1-0"]
[WhiteElo "2433"]
[BlackElo "2434"]
[PlyCount "123"]
[EventDate "2022.07.17"]
[EventType "tourn"]
[EventRounds "9"]
[EventCountry "IRI"]
[EventCategory "5"]
[SourceTitle "CBM 209 Extra"]
[Source "ChessBase"]
[SourceDate "2022.09.30"]
[SourceVersion "1"]
[SourceVersionDate "2022.09.30"]
[SourceQuality "1"]

1. e4 c5 2. Nf3 d6 3. d4 cxd4 4. Nxd4 Nf6 5. Nc3 a6 6. a4 g6 7. Be2 Bg7 8. 0-0 0-0 9. Be3 Nc6 10. Qd2 Ng4 11. Bxg4 Bxg4 12. Nd5 Rc8 13. a5 Be6 14. Nb6 Rc7 15. c4 Bxc4 16. Rfc1 Be6 17. Rab1 Nxd4 18. Bxd4 Bxd4 19. Qxd4 f5 20. e5 f4 21. exd6 Qxd6 22. Qxd6 Rxc1+ 23. Rxc1 exd6 24. Rd1 Rf5 25. b4 Re5 26. f3 d5 27. Kf2 g5 28. Na4 Kf7 29. Nc5 Bc8 30. h4 h6 31. hxg5 hxg5 32. Rh1 d4 33. Rd1 Rd5 34. Ke2 Kf6 35. Kd3 Rd8 36. Kc4 Ke5 37. Re1+ Kd6 38. Kxd4 Kc6+ 39. Kc3 Rd5 40. Re8 Kc7 41. Rg8 g4 42. fxg4 Re5 43. Nd3 Re4 44. g5 Re3 45. Kd4 Bf5 46. Nc5 Rg3 47. Ke5 Bb1 48. Kxf4 Rxg2 49. Rg7+ Kc6 50. Rxb7 Rf2+ 51. Kg3 Rf5 52. Rb6+ Kd5 53. Kg4 Rf1 54. g6 Rg1+ 55. Kh5 Ke5 56. Kh6 Rg4 57. Nxa6 Bf5 58. Nc5 Rg1 59. Kg7 Kd5 60. Kf7 Rf1 61. Rf6 Kc4 62. g7 1-0

[Event "Rasht"]
[Site "Rasht"]
[Date "2022.07.18"]
[Round "3"]
[White "Daghli, Arash"]
[Black "Nazari, Arad"]
[Result "1-0"]
[WhiteElo "2433"]
[BlackElo "2401"]
[PlyCount "69"]
[EventDate "2022.07.17"]
[EventType "tourn"]
[EventRounds "9"]
[EventCountry "IRI"]
[EventCategory "5"]
[SourceTitle "CBM 209 Extra"]
[Source "ChessBase"]
[SourceDate "2022.09.30"]
[SourceVersion "1"]
[SourceVersionDate "2022.09.30"]
[SourceQuality "1"]

1. e4 c5 2. Nf3 d6 3. d4 cxd4 4. Nxd4 Nf6 5. Nc3 a6 6. Be3 e5 7. Nb3 Be6 8. Qd2 Be7 9. 0-0-0 Nbd7 10. h3 b5 11. g4 b4 12. Nd5 Bxd5 13. exd5 a5 14. Kb1 Rb8 15. g5 Ne4 16. Qd3 a4 17. Qxe4 axb3 18. h4 bxc2+ 19. Qxc2 b3 20. axb3 0-0 21. Bd3 Qa5 22. Bxh7+ Kh8 23. Bd3 Ra8 24. Qc3 Qxd5 25. Bf5 Qb7 26. Qc4 Nb6 27. Qg4 g6 28. Be4 d5 29. h5 Qa6 30. hxg6+ Kg8 31. Rh8+ Kg7 32. Rh7+ Kg8 33. Qh5 Qa2+ 34. Kc2 Rfc8+ 35. Kd2 1-0

[Event "IRI-ch"]
[Site "Sari"]
[Date "2022.06.22"]
[Round "11"]
[White "Darini, Pouria"]
[Black "Daghli, Arash"]
[Result "1/2-1/2"]
[WhiteElo "2436"]
[BlackElo "2432"]
[PlyCount "81"]
[EventDate "2022.06.15"]
[EventType "tourn"]
[EventRounds "13"]
[EventCountry "IRI"]
[EventCategory "6"]
[SourceTitle "CBM 209 Extra"]
[Source "ChessBase"]
[SourceDate "2022.09.30"]
[SourceVersion "1"]
[SourceVersionDate "2022.09.30"]
[SourceQuality "1"]

1. e4 c5 2. Nf3 e6 3. d4 cxd4 4. Nxd4 Nf6 5. Nc3 Nc6 6. a3 Be7 7. Nxc6 bxc6 8. e5 Nd5 9. Qg4 g6 10. Ne4 f5 11. exf6 Nxf6 12. Nxf6+ Bxf6 13. Be2 d5 14. 0-0 0-0 15. Rb1 e5 16. Qa4 Qd6 17. Bd2 e4 18. Rbd1 Be5 19. h3 Qf6 20. Be3 Bxb2 21. f3 Qd6 22. fxe4 Bxh3 23. Bf3 Be6 24. exd5 cxd5 25. c4 Qe5 26. Rde1 Bd4 27. Bxd4 Qxd4+ 28. Rf2 Rae8 29. Rd1 Qh4 30. Qxa7 dxc4 31. Bc6 Rxf2 32. Qxf2 Qh5 33. Re1 Rf8 34. Qd4 Bf7 35. Re5 Qh6 36. Bd5 Qc1+ 37. Kh2 Bxd5 38. Qxd5+ Kh8 39. Re4 Qh6+ 40. Kg1 Qc1+ 41. Kh2 1/2-1/2